header

Emotion, motivation, and self-regulation (Record no. 36289)

MARC details
000 -LEADER
fixed length control field 01249nam a2200313Ia 4500
082 04 - DEWEY DECIMAL CLASSIFICATION NUMBER
Classification number 370.15230000000003
245 00 - TITLE STATEMENT
Title Emotion, motivation, and self-regulation
260 ## - PUBLICATION, DISTRIBUTION, ETC. (IMPRINT)
Place of publication Bradford :
Name of publisher Emerald Group Publishing Limited,
Year of publication 2013.
300 ## - PHYSICAL DESCRIPTION
Number of Pages xiv, 191 p.
650 #0 - SUBJECT ADDED ENTRY--TOPICAL TERM
Topical Term Teaching
Topical Term Educational psychology.
700 1# - ADDED ENTRY--PERSONAL NAME
Personal name Goetz, Thomas.
Personal name Hall, Nathan C.
856 40 - ELECTRONIC LOCATION AND ACCESS
Uniform Resource Identifier http://site.ebrary.com/lib/rucke/Doc?id=10732062

No items available.

© 2026 Rongo University
Contact us: librarian | system librarian | Rongo university